| 000 | 00437nam a22001577a 4500 | ||
|---|---|---|---|
| 999 |
_c9317 _d9317 |
||
| 008 | 210403b ||||| |||| 00| 0 eng d | ||
| 040 | _aBMS College of Architecture | ||
| 100 | _aBanerjee, Subha | ||
| 245 | _aCity Gate and city Showcased | ||
| 300 | _a42p. | ||
| 500 | _a1BM99AT036 | ||
| 502 |
_8B.Arch _NBMS College of Architecture _aProject report _d2004 |
||
| 650 | _aShowcased | ||
| 700 |
_aSridhar Rajan _eGuide |
||
| 942 |
_2ddc _cTHE |
||